000 00739nam a2200265 i 4500
001 C2-0317942
003 PPAK
005 20180728113957.0
008 121003s2012 my |||| ||||| | may d
020 _a9789670344065
040 _aPPAK
_beng
_cPPAK
_erda
082 0 4 _a899.233
_223
090 0 0 _a899.233
_bIDA
_dK
100 0 _aIda Faheema,
_eauthor
245 1 0 _aMenawan puncak Kinabalu
264 1 _aSubang Jaya, Selangor :
_bPZ One ,
_c2012
300 _a100 pages ;
_c21 cm
336 _2rdacontent
_atext
337 _2rdamedia
_aunmediated
338 _2rdacarrier
_avolume
490 1 _aSiri ekspedisi kelab kembara
650 1 0 _aChildren's stories, English
830 0 _aSiri ekspedisi kelab kembara
942 _ddc
_cB
999 _c118925
_d118925